| 000 | 00000nas 2200000za 4500 |
| 001 | 9.502046 |
| 003 | CaOODSP |
| 005 | 20221107133031 |
| 007 | cr ||||||||||| |
| 008 | 150406d20072007oncar p o||||f0 |0fre|d |
| 040 | |aCaOODSP|bfre |
| 043 | |an-cn--- |
| 086 | 1 |aCP51-10F-PDF |
| 110 | 1 |aCanada.|bAgence de la fonction publique du Canada. |
| 245 | 10|aRapport annuel sur les langues officielles |h[ressource électronique] : |brapport annuel au Parlement. |
| 260 | |a[Ottawa] : |bAgence de la fonction publique du Canada. |
| 310 | |aAnnuel. |
| 362 | 1 |aParaît depuis 2006/2007; ne paraît plus après 2006/2007. |
| 590 | |a09-14|b2009-04-03 |
| 691 | 07|aLangue officielle|2gcpds |
| 775 | 08|tAnnual report on official languages |w(CaOODSP)9.505647 |
| 780 | 00|tRapport annuel sur les langues officielles |w(CaOODSP)9.503698 |
| 785 | 00|tRapport annuel sur les langues officielles. |w(CaOODSP)9.502215 |